Trách nhiệm bồi thường thiệt hại do tài sản gây ra : Sách chuyên khảo

Nội dung sách trình bày cơ sở lý luận của trách nhiệm bồi thường thiệt hại do tài sản gây ra. Các trường hợp bồi thường thiệt hại do tài sản gây ra và một số kiến nghị hoàn thiện pháp luật và nâng cao hiệu quả áp dụng pháp luật về...

Szczegółowa specyfikacja

Zapisane w:
Opis bibliograficzny
1. autor: Nguyễn Văn Hợi
Format: Książka
Język:Vietnamese
Wydane: H. Công an nhân dân 2020
Hasła przedmiotowe:
Etykiety: Dodaj etykietę
Nie ma etykietki, Dołącz pierwszą etykiete!
Thư viện lưu trữ: Thư viện Trường Đại học Nam Cần Thơ
LEADER 01548nam a22002177a 4500
001 NCT_92059
008 211019b xxu||||| |||| 00| 0 vie d
999 |c 4549  |d 4549 
020 |a 9786047247394  |c 100000 
082 0 4 |2 23rd ed.  |a 346.597036  |b H462 
100 1 |a Nguyễn Văn Hợi 
245 1 0 |a Trách nhiệm bồi thường thiệt hại do tài sản gây ra :  |b Sách chuyên khảo  |c Nguyễn Văn Hợi 
260 |a H.  |b Công an nhân dân  |c 2020 
300 |a 303 tr.  |c 21cm 
520 3 |a Nội dung sách trình bày cơ sở lý luận của trách nhiệm bồi thường thiệt hại do tài sản gây ra. Các trường hợp bồi thường thiệt hại do tài sản gây ra và một số kiến nghị hoàn thiện pháp luật và nâng cao hiệu quả áp dụng pháp luật về trách nhiệm bồi thường thiệt hại do tài sản gây ra. 
653 |a Luật học 
942 |2 ddc  |c BK 
952 |0 0  |1 0  |2 ddc  |4 0  |6 346_597036000000000_H462  |7 0  |9 21616  |a 000001  |b 000001  |d 2021-10-19  |o 346.597036 H462  |p MD.18874  |r 2021-10-19  |v 100000.00  |w 2021-10-19  |y BK 
952 |0 0  |1 0  |2 ddc  |4 0  |6 346_597036000000000_H462  |7 0  |9 21617  |a 000001  |b 000001  |d 2021-10-19  |o 346.597036 H462  |p MD.18875  |r 2021-10-19  |v 100000.00  |w 2021-10-19  |y BK 
952 |0 0  |1 0  |2 ddc  |4 0  |6 346_597036000000000_H462  |7 0  |9 21618  |a 000001  |b 000001  |d 2021-10-19  |o 346.597036 H462  |p MD.18876  |r 2021-10-19  |v 100000.00  |w 2021-10-19  |y BK 
980 |a Thư viện Trường Đại học Nam Cần Thơ